[Event "RUS-chT U18"]
[Site "St Petersburg"]
[Date "2015.08.04"]
[Round "4.47"]
[White "Bogdanov, Stanislav"]
[Black "Antonian, Grant"]
[Result "0-1"]
[WhiteElo "1846"]
[BlackElo "1869"]
[PlyCount "108"]
[EventDate "2015.08.01"]
[EventType "team-swiss"]
[EventRounds "9"]
[EventCountry "RUS"]
[SourceTitle "CBM 167 Extra"]
[Source "ChessBase"]
[SourceDate "2015.09.14"]
[SourceVersion "1"]
[SourceVersionDate "2015.09.14"]
[SourceQuality "1"]
[WhiteTeam "Pskov Region"]
[BlackTeam "Moscow Palace Youth III"]
[WhiteTeamCountry "RUS"]
[BlackTeamCountry "RUS"]

1. d4 d5 2. Bf4 Nf6 3. e3 c5 4. dxc5 e6 5. Nc3 Bxc5 6. Nf3 0-0 7. Bd3 Nc6 8. 0-0 h6 9. a3 a6 10. Re1 Re8 11. Ne5 Bd6 12. Nxc6 bxc6 13. Bxd6 Qxd6 14. e4 e5 15. exd5 cxd5 16. Qd2 Bb7 17. Rab1 Rad8 18. Bf5 d4 19. Ne4 Bxe4 20. Bxe4 Nxe4 21. Rxe4 f5 22. Ree1 e4 23. Rbd1 f4 24. Re2 f3 25. Ree1 Qg6 26. g3 Qh5 27. h4 Qf5 28. Kh2 Qe5 29. Qf4 Qxf4 30. gxf4 Kf7 31. Kg3 Kf6 32. Rd2 Re6 33. Red1 Red6 34. Kg4 h5+ 35. Kg3 Kf5 36. c4 d3 37. b4 Rg6+ 38. Kh3 Kxf4 39. Re1 Re6 40. Re3 Rc6 41. c5 a5 42. Rd1 axb4 43. axb4 Rb8 44. Rb1 Rxc5 45. Rg1 Rxb4 46. Rxg7 Rd4 47. Rf7+ Rf5 48. Rxf5+ Kxf5 49. Re1 d2 50. Rd1 Kf4 51. Kh2 e3 52. Rg1 d1Q 53. Kh3 Qxg1 54. fxe3+ Ke4 0-1